La belleza de la liturgia

Furkejuvvon:
Bibliográfalaš dieđut
Váldodahkki: Cassingena-Trévedy, Francois (Dahkki)
Materiálatiipa: Girji
Giella:espánnjágiella
Almmustuhtton: Salamanca Ediciones Sígueme 2008
Preanttus:1a. ed
Ráidu:Verdad e Imagen Minor, 23
Fáttát:
Fáddágilkorat: Lasit fáddágilkoriid
Eai fáddágilkorat, Lasit vuosttaš fáddágilkora!

MARC

LEADER 00000cam a2200000 a 4500
001 UCE2016
003 CL-VaPUC
008 140605e20080000sp |||||||||||||||||spa|d
020 |a 9788430116720 
082 0 4 |a 264  |b CAS  |2 21 
100 0 |a Cassingena-Trévedy, Francois  |e author  |9 574478 
245 1 3 |a La belleza de la liturgia 
250 |a 1a. ed 
300 |a 94 p 
942 |c BK 
945 |d 20140605 14:22:00  |a dcastane 
260 |a Salamanca  |b Ediciones Sígueme  |c 2008 
650 7 |a LITURGIA  |2 CL-VaPUC  |9 574479 
650 0 |a Teología cristiana  |9 308336 
583 |a last modification  |c 20140605 14:22:00  |k Rodrigo Vera 
490 0 |a Verdad e Imagen Minor, 23 
999 |c 355696  |d 355694 
952 |0 0  |1 0  |3 erb  |4 0  |6 264_000000000000000_CAS_2008  |7 0  |8 A  |9 462507  |a BIBTEO  |b BIBTEO  |i 5081343  |o 264 CAS 2008  |p 5081343  |r 2025-01-17  |w 2019-11-23  |y BK  |z Catalogado en:20140605  |k ICR